[Event "Titled Tuesday intern op 16th Apr Late"]
[Site "Chess.com INT"]
[Date "2024.04.16"]
[Round "8"]
[White "De Boer, Eelke"]
[Black "Veinberg, Nimrod"]
[Result "0-1"]
[WhiteElo "2399"]
[BlackElo "2410"]
[PlyCount "178"]
[EventDate "2024.04.16"]
[EventType "swiss (blitz)"]
[EventRounds "11"]
[EventCountry "USA"]
[SourceTitle "CB17_2024"]
[SourceDate "2024.04.24"]
[SourceVersion "1"]
[SourceVersionDate "2024.04.24"]
[SourceQuality "1"]

1. e4 c5 2. Nf3 e6 3. d4 cxd4 4. Nxd4 a6 5. Bd3 Bc5 6. Nb3 Ba7 7. Qe2 Ne7 8. Be3 0-0 9. Bxa7 Rxa7 10. Qe3 Nbc6 11. N1d2 d5 12. 0-0-0 d4 13. Qg3 e5 14. f4 Ng6 15. f5 Nf4 16. Nf3 Nxd3+ 17. Rxd3 f6 18. c3 b5 19. Kb1 Bb7 20. Nc5 Qe7 21. Ne6 Rc8 22. cxd4 Nxd4 23. Nfxd4 Bxe4 24. Re1 Bxd3+ 25. Qxd3 exd4 26. Qxd4 Kh8 27. Rd1 Raa8 28. g4 Qa7 29. Qf4 Qb8 30. Qf2 Qe5 31. Re1 Qd5 32. h4 Qd3+ 33. Ka1 Rc2 34. Qg1 Rac8 35. Rb1 Qd2 36. g5 Rxb2 37. Rxb2 Rc1+ 38. Qxc1 Qxc1+ 39. Rb1 Qc3+ 40. Rb2 a5 41. gxf6 gxf6 42. Kb1 Qe1+ 43. Kc2 Qe4+ 44. Kc1 Qxf5 45. Re2 b4 46. Kd2 Qd5+ 47. Ke1 a4 48. Nf4 Qh1+ 49. Kd2 b3 50. axb3 axb3 51. Nd3 Qd5 52. Kc3 Qh5 53. Re4 Qf5 54. Rb4 b2 55. Rxb2 Qc8+ 56. Kd2 Qh3 57. Rb4 Qh2+ 58. Ke3 Kg7 59. Rg4+ Kf7 60. Rf4 Qh3+ 61. Rf3 Qc8 62. Rf4 Qb8 63. Re4 Qa7+ 64. Kf3 h5 65. Re3 Qb7+ 66. Kg3 Qc7+ 67. Nf4 Qd7 68. Nxh5 Qd2 69. Rf3 Qe1+ 70. Kg2 Qe4 71. Ng3 Qxh4 72. Rf5 Qg4 73. Rf3 Qg5 74. Rf5 Qg4 75. Rf2 Kg6 76. Rf3 Qd7 77. Rf4 Qd5+ 78. Rf3 Kg5 79. Kf2 Kg4 80. Re3 Qd4 81. Ne2 Qc5 82. Ng1 f5 83. Nh3 f4 84. Nxf4 Kxf4 85. Kg2 Qxe3 86. Kh2 Qf3 87. Kg1 Qe2 88. Kh1 Kg3 89. Kg1 Qg2# 0-1

[Event "Titled Tuesday intern op 16th Apr Late"]
[Site "Chess.com INT"]
[Date "2024.04.16"]
[Round "5"]
[White "Sjugirov, Sanan"]
[Black "Veinberg, Nimrod"]
[Result "1/2-1/2"]
[WhiteElo "2689"]
[BlackElo "2410"]
[PlyCount "133"]
[EventDate "2024.04.16"]
[EventType "swiss (blitz)"]
[EventRounds "11"]
[EventCountry "USA"]
[SourceTitle "CB17_2024"]
[SourceDate "2024.04.24"]
[SourceVersion "1"]
[SourceVersionDate "2024.04.24"]
[SourceQuality "1"]

1. e4 c5 2. Nc3 e6 3. Nf3 a6 4. d4 cxd4 5. Nxd4 b5 6. Bd3 Bb7 7. 0-0 Nc6 8. Nxc6 Bxc6 9. Re1 Ne7 10. Qh5 Ng6 11. a4 Bb4 12. Bd2 0-0 13. axb5 axb5 14. Rxa8 Qxa8 15. Bxb5 Rb8 16. Bd3 Bd6 17. b3 Nf4 18. Bxf4 Bxf4 19. Ne2 g6 20. Qc5 d6 21. Qd4 Be5 22. Qe3 Qa5 23. Rf1 Ra8 24. Nd4 Bd7 25. Nf3 Bg7 26. Rd1 Qc7 27. h3 Bc6 28. Nd4 Bd7 29. Nf3 Bc6 30. b4 Bb7 31. c4 Ra3 32. Qc1 Rc3 33. Qb1 f5 34. c5 dxc5 35. bxc5 Rxc5 36. Qa2 Qc6 37. Ng5 Rc1 38. Be2 Rxd1+ 39. Bxd1 Bc8 40. exf5 Qc1 41. Qc2 Qxc2 42. Bxc2 exf5 43. Bb3+ Kf8 44. Nxh7+ Ke7 45. Ng5 Bf6 46. Nf3 Bb7 47. Ne1 Be4 48. Bc2 Bc3 49. Nd3 Bxd3 50. Bxd3 Kf6 51. g3 g5 52. Kg2 f4 53. gxf4 gxf4 54. h4 Kg7 55. Kf3 Bd4 56. Kg2 Kh6 57. f3 Kh5 58. Kh3 Bf2 59. Bc4 Kh6 60. Kg4 Bg3 61. h5 Bh2 62. Bf7 Bg3 63. Bg6 Bh2 64. Be4 Bg3 65. Bg6 Bh2 66. Be4 Bg3 67. Bg6 1/2-1/2

[Event "Titled Tuesday intern op 16th Apr Early"]
[Site "Chess.com INT"]
[Date "2024.04.16"]
[Round "3"]
[White "Suyarov, Mukhammadzokhid"]
[Black "Veinberg, Nimrod"]
[Result "0-1"]
[WhiteElo "2405"]
[BlackElo "2410"]
[PlyCount "80"]
[EventDate "2024.04.16"]
[EventType "swiss (blitz)"]
[EventRounds "11"]
[EventCountry "USA"]
[SourceTitle "CB17_2024"]
[SourceDate "2024.04.24"]
[SourceVersion "1"]
[SourceVersionDate "2024.04.24"]
[SourceQuality "1"]

1. e4 c5 2. Nf3 e6 3. d4 cxd4 4. Nxd4 a6 5. Nc3 b5 6. Bd3 Bb7 7. 0-0 Nc6 8. Nxc6 Bxc6 9. Re1 Ne7 10. Qf3 Ng6 11. Qg3 d6 12. a4 b4 13. Nd5 a5 14. Be3 Rb8 15. f4 Ne7 16. Nxe7 Bxe7 17. Qxg7 Bf6 18. Qh6 Bxb2 19. Rad1 Bc3 20. Rf1 Qf6 21. Qh3 Qg7 22. f5 Kd7 23. Bc4 Rbe8 24. Bf4 Be5 25. Qe3 Ra8 26. fxe6+ fxe6 27. Bxe5 Qxe5 28. Rf7+ Ke8 29. Rdf1 Qxe4 30. Qg5 Qd4+ 31. Kh1 Ra7 32. Bxe6 Rxf7 33. Bxf7+ Kd7 34. Qf5+ Kc7 35. Qxa5+ Qb6 36. Qg5 Rd8 37. a5 Qc5 38. Qd2 Rf8 39. a6 Qd5 40. Qe3 Qxg2# 0-1

[Event "Titled Tuesday intern op 16th Apr Early"]
[Site "Chess.com INT"]
[Date "2024.04.16"]
[Round "6"]
[White "Veinberg, Nimrod"]
[Black "Chyzy, Jakub"]
[Result "1-0"]
[WhiteElo "2410"]
[BlackElo "2314"]
[PlyCount "89"]
[EventDate "2024.04.16"]
[EventType "swiss (blitz)"]
[EventRounds "11"]
[EventCountry "USA"]
[SourceTitle "CB17_2024"]
[SourceDate "2024.04.24"]
[SourceVersion "1"]
[SourceVersionDate "2024.04.24"]
[SourceQuality "1"]

1. e4 Nf6 2. e5 Nd5 3. d4 d6 4. Nf3 Bg4 5. Be2 c6 6. exd6 exd6 7. 0-0 Be7 8. h3 Bh5 9. c4 Nb6 10. b3 0-0 11. Nc3 Bf6 12. Bf4 Na6 13. Qd2 Re8 14. Rfe1 Qd7 15. g4 Bg6 16. Bd3 Bxd3 17. Qxd3 h5 18. Ne4 hxg4 19. Nxf6+ gxf6 20. Nh4 Rxe1+ 21. Rxe1 Re8 22. Rxe8+ Qxe8 23. Nf5 Qe1+ 24. Kg2 Nb4 25. Nh6+ Kf8 26. Bxd6+ Ke8 27. Bxb4 gxh3+ 28. Qxh3 Qxb4 29. Nf5 Qf8 30. a4 a5 31. Qe3+ Kd7 32. d5 Nc8 33. dxc6+ bxc6 34. Qd2+ Kc7 35. Qxa5+ Kd7 36. Qd2+ Kc7 37. b4 Qg8+ 38. Kf3 Qg6 39. Qf4+ Kb7 40. a5 Qh5+ 41. Kg2 Qd1 42. b5 Qd3 43. a6+ Kb6 44. Qb8+ Kc5 45. Qxc8 1-0

[Event "Titled Tuesday intern op 16th Apr Early"]
[Site "Chess.com INT"]
[Date "2024.04.16"]
[Round "9"]
[White "Veinberg, Nimrod"]
[Black "Iniyan, Panneerseluam"]
[Result "0-1"]
[WhiteElo "2410"]
[BlackElo "2495"]
[PlyCount "90"]
[EventDate "2024.04.16"]
[EventType "swiss (blitz)"]
[EventRounds "11"]
[EventCountry "USA"]
[SourceTitle "CB17_2024"]
[SourceDate "2024.04.24"]
[SourceVersion "1"]
[SourceVersionDate "2024.04.24"]
[SourceQuality "1"]

1. e4 c5 2. c3 d5 3. exd5 Qxd5 4. d4 Nf6 5. Nf3 Nc6 6. Be3 cxd4 7. cxd4 e6 8. Nc3 Qa5 9. Bd3 Nb4 10. Bc4 Be7 11. 0-0 0-0 12. Qe2 Nbd5 13. Rac1 Bd7 14. Ne5 Rfd8 15. Nxd5 exd5 16. Nxd7 Rxd7 17. Bb3 Qb6 18. h3 Bd6 19. Rfd1 a5 20. Ba4 Re7 21. Qb5 Qxb5 22. Bxb5 a4 23. a3 Ne4 24. Bxa4 h6 25. Bb3 Nf6 26. Re1 Rd7 27. Bd2 Ne4 28. Rc2 Bc7 29. Bb4 Bb6 30. Bxd5 Nxf2 31. Bxb7 Nxh3+ 32. gxh3 Bxd4+ 33. Kg2 Rxb7 34. Rd1 Be5 35. Re2 Bf6 36. Rdd2 g5 37. Bc5 Rb5 38. b4 Rxa3 39. Rf2 Kg7 40. Rd6 Be5 41. Rd7 Rg3+ 42. Kf1 Rxh3 43. Rdxf7+ Kg6 44. R7f5 Bd4 45. Rd5 Bxf2 0-1

[Event "Titled Tuesday intern op 16th Apr Early"]
[Site "Chess.com INT"]
[Date "2024.04.16"]
[Round "1"]
[White "Veinberg, Nimrod"]
[Black "Rosenberg, Evan"]
[Result "1-0"]
[WhiteElo "2410"]
[BlackElo "1989"]
[PlyCount "73"]
[EventDate "2024.04.16"]
[EventType "swiss (blitz)"]
[EventRounds "11"]
[EventCountry "USA"]
[SourceTitle "CB17_2024"]
[SourceDate "2024.04.24"]
[SourceVersion "1"]
[SourceVersionDate "2024.04.24"]
[SourceQuality "1"]

1. e4 c5 2. c3 e6 3. d4 d5 4. exd5 Qxd5 5. Nf3 Nf6 6. Be3 Bd7 7. c4 Qd6 8. Nc3 cxd4 9. Nxd4 a6 10. g3 Nc6 11. Bg2 Rc8 12. b3 Nxd4 13. Qxd4 Bc6 14. Qxd6 Bxd6 15. Bxc6+ Rxc6 16. 0-0-0 Ba3+ 17. Kc2 b5 18. cxb5 axb5 19. Kd3 Bc5 20. Nxb5 Bxe3 21. fxe3 Ke7 22. Ke2 Ne4 23. Rc1 Rhc8 24. Rxc6 Rxc6 25. a4 f5 26. Nd4 Rc3 27. Ra1 g6 28. a5 e5 29. a6 exd4 30. a7 d3+ 31. Kd1 Rc8 32. a8Q Rxa8 33. Rxa8 d2 34. Ra7+ Kd6 35. Rxh7 Kc5 36. Rg7 Kb4 37. Kc2 1-0

[Event "Titled Tuesday intern op 16th Apr Late"]
[Site "Chess.com INT"]
[Date "2024.04.16"]
[Round "2"]
[White "Veinberg, Nimrod"]
[Black "Stojanovski, Sandi"]
[Result "1-0"]
[WhiteElo "2410"]
[BlackElo "2169"]
[PlyCount "87"]
[EventDate "2024.04.16"]
[EventType "swiss (blitz)"]
[EventRounds "11"]
[EventCountry "USA"]
[SourceTitle "CB17_2024"]
[SourceDate "2024.04.24"]
[SourceVersion "1"]
[SourceVersionDate "2024.04.24"]
[SourceQuality "1"]

1. e4 d6 2. d4 Nf6 3. Nc3 g6 4. Nf3 Bg7 5. Be2 0-0 6. 0-0 Bg4 7. Be3 Nc6 8. d5 Bxf3 9. Bxf3 Ne5 10. Be2 c6 11. f4 Ned7 12. Qd2 cxd5 13. exd5 Qa5 14. Bd4 Nb6 15. Rad1 Nbxd5 16. Nxd5 Qxd5 17. c4 Qc6 18. b3 Ne4 19. Qe3 Bxd4 20. Rxd4 Nc5 21. f5 Nd7 22. Qxe7 Qc5 23. Qxd6 Qxd6 24. Rxd6 Ne5 25. f6 Rfd8 26. Rfd1 Nc6 27. Bf3 Rxd6 28. Rxd6 Rd8 29. Rxd8+ Nxd8 30. Bd5 Kf8 31. Kf2 Ke8 32. Ke3 Kd7 33. Kd4 b6 34. b4 g5 35. g4 h6 36. h3 Kd6 37. c5+ bxc5+ 38. bxc5+ Kc7 39. Ke5 Kd7 40. a3 Kc7 41. Kd4 Kd7 42. Kc4 Kc7 43. Kb5 Kb8 44. Ka6 1-0

[Event "EU-Cup 38th"]
[Site "Durres"]
[Date "2023.10.04"]
[Round "4.6"]
[White "Guliyev, Namig"]
[Black "Veinberg, Nimrod"]
[Result "0-1"]
[WhiteElo "2531"]
[BlackElo "2402"]
[PlyCount "96"]
[EventDate "2023.10.01"]
[EventType "team-swiss"]
[EventRounds "7"]
[EventCountry "ALB"]
[SourceTitle "EXT 2024"]
[Source "ChessBase"]
[SourceDate "2023.10.10"]
[SourceVersion "1"]
[SourceVersionDate "2023.10.10"]
[SourceQuality "1"]
[WhiteTeam "Chartres"]
[BlackTeam "Rishon Le Zzion"]
[WhiteTeamCountry "FRA"]
[BlackTeamCountry "ISR"]

1. e4 e5 2. Nf3 Nc6 3. Bb5 a6 4. Ba4 Nf6 5. Qe2 b5 6. Bb3 Bc5 7. d3 d6 8. c3 h6 9. h3 a5 10. a4 b4 11. Be3 Ba6 12. Nbd2 bxc3 13. bxc3 Bxe3 14. Qxe3 0-0 15. 0-0 Ne7 16. Rfb1 Ng6 17. Bc4 Bc8 18. d4 Qe7 19. dxe5 Nxe5 20. Nxe5 Qxe5 21. Rb5 Qe7 22. e5 c6 23. Rb6 Nd7 24. Rxc6 Nxe5 25. Rb6 Qc7 26. Bd5 Ra6 27. Rab1 Rxb6 28. Qxb6 Qxc3 29. Qxd6 Bf5 30. Ne4 Qc2 31. Re1 Nd3 32. Re3 Qc1+ 33. Kh2 Nxf2 34. Nf6+ gxf6 35. Qg3+ Ng4+ 36. hxg4 Bg6 37. Qf4 Kg7 38. Rf3 Qa1 39. Rf1 Qb2 40. Rf2 Qb6 41. Rf3 Rd8 42. Rb3 Qc5 43. Rb5 Qc3 44. Qg3 Qd2 45. Bc6 Rd3 46. Qb8 Qe1 47. Rb1 Qh4+ 48. Kg1 Rc3 0-1

[Event "World-chT Rapid"]
[Site "Dusseldorf"]
[Date "2023.08.26"]
[Round "2.4"]
[White "Veinberg, Nimrod"]
[Black "Ter Sahakyan, Samvel"]
[Result "0-1"]
[WhiteElo "2417"]
[BlackElo "2609"]
[PlyCount "36"]
[EventDate "2023.08.26"]
[EventType "team-swiss (rapid)"]
[EventRounds "12"]
[EventCountry "GER"]
[SourceTitle "CBM 215 Extra"]
[Source "ChessBase"]
[SourceDate "2023.09.30"]
[SourceVersion "1"]
[SourceVersionDate "2023.09.30"]
[SourceQuality "1"]
[WhiteTeam "Rishon Le Zion"]
[BlackTeam "Armenia"]
[WhiteTeamCountry "ISR"]
[BlackTeamCountry "ARM"]

1. d4 Nf6 2. c4 e6 3. g3 d5 4. Bg2 Bb4+ 5. Nd2 0-0 6. Ngf3 b6 7. a3 Bd6 8. b4 c5 9. bxc5 bxc5 10. 0-0 Nbd7 11. cxd5 exd5 12. dxc5 Nxc5 13. Nb3 Nce4 14. Bb2 Rb8 15. Qd3 Qb6 16. Nfd4 Ba6 17. Qd1 Bc4 18. Nd2 Nxd2 0-1

[Event "Arad op 16th"]
[Site "Arad"]
[Date "2023.08.08"]
[Round "2"]
[White "Simonics, Peter"]
[Black "Veinberg, Nimrod"]
[Result "0-1"]
[WhiteElo "2119"]
[BlackElo "2417"]
[PlyCount "54"]
[EventDate "2023.08.07"]
[EventType "swiss"]
[EventRounds "9"]
[EventCountry "ROU"]
[SourceTitle "EXT 2024"]
[Source "ChessBase"]
[SourceDate "2023.10.10"]
[SourceVersion "1"]
[SourceVersionDate "2023.10.10"]
[SourceQuality "1"]

1. e4 e5 2. f4 exf4 3. Bc4 Nc6 4. d4 Nf6 5. e5 d5 6. Be2 Ne4 7. Bxf4 Bf5 8. c3 g5 9. Be3 g4 10. Nd2 Bh6 11. Nxe4 Bxe4 12. Bxh6 Bxg2 13. Bf4 h5 14. Bd3 Qh4+ 15. Kd2 Bxh1 16. b4 0-0-0 17. Qa4 Kb8 18. b5 Ne7 19. Rb1 Nc8 20. b6 Nxb6 21. Qb4 Nc4+ 22. Kc2 b6 23. Ne2 Bf3 24. Bg3 Qg5 25. Bf4 Qg7 26. Rb3 h4 27. a4 Qf8 0-1

[Event "Timisoara Foisor Memorial Rapid"]
[Site "Timisoara"]
[Date "2023.08.05"]
[Round "3"]
[White "Veinberg, Nimrod"]
[Black "Ghita, Vlad Bogdan"]
[Result "1-0"]
[WhiteElo "2417"]
[BlackElo "1961"]
[PlyCount "31"]
[EventDate "2023.08.05"]
[EventType "swiss (rapid)"]
[EventRounds "10"]
[EventCountry "ROU"]
[SourceTitle "CBM 215 Extra"]
[Source "ChessBase"]
[SourceDate "2023.09.30"]
[SourceVersion "1"]
[SourceVersionDate "2023.09.30"]
[SourceQuality "1"]

1. d4 d5 2. c4 c6 3. Nf3 Nf6 4. g3 dxc4 5. Ne5 Be6 6. Na3 b5 7. Bg2 Qb6 8. 0-0 Nfd7 9. Nxc6 Nxc6 10. d5 Nc5 11. dxe6 Nxe6 12. Be3 Qa6 13. Qd5 Rc8 14. Rfd1 Qb7 15. Nxb5 g6 16. Nxa7 1-0

[Event "Ramat Gan Shavuot op"]
[Site "Ramat Gan"]
[Date "2023.05.25"]
[Round "1"]
[White "Lebedinsky, Eduard"]
[Black "Veinberg, Nimrod"]
[Result "0-1"]
[WhiteElo "2122"]
[BlackElo "2410"]
[PlyCount "122"]
[EventDate "2023.05.25"]
[EventType "swiss (rapid)"]
[EventRounds "6"]
[EventCountry "ISR"]
[SourceTitle "CBM 214 Extra"]
[Source "ChessBase"]
[SourceDate "2023.07.31"]
[SourceVersion "1"]
[SourceVersionDate "2023.07.31"]
[SourceQuality "1"]

1. d4 Nf6 2. c4 e6 3. Nc3 Bb4 4. Qc2 d5 5. cxd5 exd5 6. Bg5 c5 7. dxc5 h6 8. Bxf6 Qxf6 9. e3 Bf5 10. Bd3 Bxd3 11. Qxd3 Nd7 12. Nge2 0-0 13. 0-0 Nxc5 14. Qxd5 Rfd8 15. Qc4 Bxc3 16. Qxc3 Qxc3 17. Nxc3 Rd2 18. b4 Nd3 19. a3 a5 20. Ne4 Rc2 21. b5 Re8 22. Rfd1 Rxe4 23. Rxd3 Rb2 24. a4 Rxa4 25. Rad1 Raa2 26. Rf1 Rxb5 27. Rd8+ Kh7 28. Rd7 Kg6 29. Rfd1 Rbb2 30. R7d6+ Kh7 31. R6d4 Rxf2 32. Rg4 b5 33. Rd5 b4 34. Rb5 Rf6 35. h4 Rg6 36. Rxg6 Kxg6 37. h5+ Kf6 38. e4 Re2 39. Rxa5 Rxe4 40. Rb5 Re5 41. Rxb4 Rxh5 42. Kf2 Ra5 43. g4 Ra3 44. Rb5 g6 45. Kg2 Re3 46. Kf2 Re5 47. Rb7 h5 48. gxh5 Rxh5 49. Kf3 Rh4 50. Rb6+ Kg5 51. Rb5+ f5 52. Rb1 Rh3+ 53. Kg2 Ra3 54. Rb6 Kh5 55. Rb8 g5 56. Rb4 f4 57. Rb2 Kg4 58. Kf2 Rh3 59. Rb5 Rh2+ 60. Kg1 Ra2 61. Rb4 Kg3 0-1

[Event "Ramat Gan Shavuot op"]
[Site "Ramat Gan"]
[Date "2023.05.25"]
[Round "3"]
[White "Zanan, Evgeny"]
[Black "Veinberg, Nimrod"]
[Result "1/2-1/2"]
[WhiteElo "2485"]
[BlackElo "2410"]
[PlyCount "21"]
[EventDate "2023.05.25"]
[EventType "swiss (rapid)"]
[EventRounds "6"]
[EventCountry "ISR"]
[SourceTitle "CBM 214 Extra"]
[Source "ChessBase"]
[SourceDate "2023.07.31"]
[SourceVersion "1"]
[SourceVersionDate "2023.07.31"]
[SourceQuality "1"]

1. c4 e5 2. Nc3 Nf6 3. g3 d5 4. cxd5 Nxd5 5. Bg2 Nb6 6. Nf3 Nc6 7. 0-0 Be7 8. d3 0-0 9. Be3 Re8 10. Rc1 Bf8 11. a3 1/2-1/2

[Event "Ramat Gan Rosh Hashanah Rapid"]
[Site "Ramat Gan"]
[Date "2022.09.25"]
[Round "3"]
[White "Veinberg, Nimrod"]
[Black "Gorodetzky, David"]
[Result "1-0"]
[WhiteElo "2400"]
[BlackElo "2495"]
[PlyCount "81"]
[EventDate "2022.09.25"]
[EventType "swiss (rapid)"]
[EventRounds "6"]
[EventCountry "ISR"]
[SourceTitle "EXT 2023"]
[Source "ChessBase"]
[SourceDate "2022.10.05"]
[SourceVersion "1"]
[SourceVersionDate "2022.10.05"]
[SourceQuality "1"]

1. d4 d5 2. c4 e6 3. Nf3 Nf6 4. Nc3 dxc4 5. e3 a6 6. a4 Bb4 7. Bxc4 b6 8. 0-0 Bb7 9. Qe2 Nbd7 10. Rd1 0-0 11. d5 exd5 12. Nxd5 Bd6 13. b3 Nc5 14. Nxf6+ Qxf6 15. Bb2 Qh6 16. Bd5 Bxd5 17. Rxd5 Nxb3 18. Bxg7 Qxg7 19. Rg5 Nxa1 20. Rxg7+ Kxg7 21. Qb2+ f6 22. Qxa1 Rf7 23. g3 Rd8 24. Nd4 Kh8 25. Nc6 Rdf8 26. a5 b5 27. Qd4 Kg7 28. Qa7 b4 29. Qxa6 Re8 30. Qb5 Ra8 31. Qb7 Rff8 32. a6 b3 33. a7 Bc5 34. Qxc7+ Rf7 35. Qb8 Rfxa7 36. Qxb3 Rc7 37. Qd5 Rac8 38. Nd8 Kg6 39. g4 Be7 40. Qf7+ Kh6 41. Ne6 1-0

[Event "Titled Tuesday intern op 30th Aug Early"]
[Site "Chess.com INT"]
[Date "2022.08.30"]
[Round "8"]
[White "Gholami Orimi, Mahdi"]
[Black "Veinberg, Nimrod"]
[Result "0-1"]
[WhiteElo "2428"]
[BlackElo "2400"]
[PlyCount "84"]
[EventDate "2022.08.30"]
[EventType "swiss (blitz)"]
[EventRounds "11"]
[EventCountry "USA"]
[SourceTitle "EXT 2023"]
[Source "ChessBase"]
[SourceDate "2022.10.05"]
[SourceVersion "1"]
[SourceVersionDate "2022.10.05"]
[SourceQuality "1"]

1. d4 Nf6 2. c4 e6 3. Nc3 Bb4 4. Qc2 d5 5. cxd5 exd5 6. Bg5 h6 7. Bh4 g5 8. Bg3 Nc6 9. e3 Ne4 10. Bd3 Qe7 11. Nge2 h5 12. Bxe4 dxe4 13. h4 Bf5 14. hxg5 0-0-0 15. 0-0-0 Bd6 16. a3 Kb8 17. Bxd6 cxd6 18. Ng3 Bg6 19. Rh4 Qxg5 20. Rf4 h4 21. Ncxe4 Qa5 22. Ne2 d5 23. f3 h3 24. gxh3 Rxh3 25. Qd2 dxe4 26. fxe4 Rc8 27. Nc3 a6 28. Kb1 Qg5 29. Rdf1 Na5 30. R4f3 Rxf3 31. Rxf3 Rxc3 32. Rf4 Rc8 33. d5 Nb3 34. Qd1 Nc5 35. Ka2 Nxe4 36. d6 Rd8 37. d7 Qe7 38. Qd4 Rxd7 39. Qh8+ Rd8 40. Qh2 Qe6+ 41. Kb1 Ka7 42. Rf1 Nd2+ 0-1

[Event "ISR-chT"]
[Site "Israel"]
[Date "2022.01.22"]
[Round "4.4"]
[White "Veinberg, Nimrod"]
[Black "Krayz, Alexander"]
[Result "1-0"]
[WhiteElo "2397"]
[BlackElo "2350"]
[PlyCount "107"]
[EventDate "2022.01.14"]
[EventType "team-tourn"]
[EventRounds "11"]
[EventCountry "ISR"]
[SourceTitle "EXT 2023"]
[Source "ChessBase"]
[SourceDate "2022.10.05"]
[SourceVersion "1"]
[SourceVersionDate "2022.10.05"]
[SourceQuality "1"]
[WhiteTeam "Rehovot"]
[BlackTeam "Herzliya"]
[WhiteTeamCountry "ISR"]
[BlackTeamCountry "ISR"]

1. e4 e6 2. d4 d5 3. Nd2 Nf6 4. e5 Nfd7 5. Bd3 c5 6. c3 Nc6 7. Ne2 cxd4 8. cxd4 f6 9. exf6 Nxf6 10. Nf3 Qc7 11. 0-0 Bd6 12. Bg5 0-0 13. Bh4 e5 14. dxe5 Nxe5 15. Nxe5 Bxe5 16. Bg3 Bxg3 17. hxg3 Bg4 18. Qb3 Rae8 19. Nf4 Qf7 20. f3 Bc8 21. Rae1 Kh8 22. Qb4 g5 23. Rxe8 Rxe8 24. Ne2 Qe6 25. Qd4 Qe3+ 26. Kh2 Qxd4 27. Nxd4 Re3 28. Bb1 Bd7 29. Rc1 Ne8 30. Bf5 Bxf5 31. Nxf5 Re5 32. g4 Kg8 33. Rc8 Kf8 34. Rb8 b6 35. Rb7 Re2 36. Rxh7 a5 37. b3 Rxa2 38. Rb7 Rb2 39. Nd4 Ng7 40. Rxb6 a4 41. Rb5 a3 42. Rxd5 a2 43. Ra5 Kf7 44. Ra6 Rd2 45. Nc6 Rb2 46. Nb4 Rxb3 47. Nxa2 Ne6 48. Nc1 Re3 49. Ra2 Nf4 50. Rd2 Kf6 51. Kg3 Ke5 52. Kf2 Rc3 53. Ne2 Nd3+ 54. Ke3 1-0